000 00909nam a22002657a 4500
001 4743
003 FISKH
005 20240927094644.0
008 240927b cb ||||| |||| 00| 0 eng d
020 _a0876142455
040 _aFISKH
_beng
_cFISKH
_dFISKH
050 _aQK494.T3
082 _a585.2
100 _aArnold, Caroline
_eauthor
245 _aThe biggest living thing /
_cby Caroline Arnold
260 _aMinneapolis :
_bCarolrhoda Books ;
_c1983 .
300 _a48 pages :
_bcolor illustrations ;
_c23 cm .
505 _aO
520 _aPresents facts about the giant sequoia trees, including how they grow, the circumstances of their "discovery," how their age is determined, and how forest fires actually help them.
521 8 _a650
_bLexile estimate
521 8 _aO
_bRaz-Plus
650 _aGiant sequoia
_vJuvenile literature
942 _2ddc
_cBK
_n0
999 _c4743
_d4743